[Event "Oslo Nordstrand op"]
[Site "Oslo"]
[Date "2017.04.21"]
[Round "1"]
[White "Skaslien, Ingrid"]
[Black "Abrahamsen, Knut"]
[Result "1-0"]
[WhiteElo "1755"]
[BlackElo "1885"]
[PlyCount "105"]
[EventDate "2017.04.21"]
[EventType "swiss"]
[EventRounds "5"]
[EventCountry "NOR"]
[SourceTitle "CBM 178 Extra"]
[Source "ChessBase"]
[SourceDate "2017.06.22"]
[SourceVersion "1"]
[SourceVersionDate "2017.06.22"]
[SourceQuality "1"]

1. d4 Nf6 2. c4 e6 3. Nc3 d5 4. e3 b6 5. cxd5 exd5 6. Nf3 Bb7 7. Bd3 Nbd7 8. 0-0 Bd6 9. b3 0-0 10. Bb2 Ne4 11. Rc1 a6 12. Bxe4 dxe4 13. Nd2 Qh4 14. h3 f5 15. Nc4 f4 16. Nxd6 cxd6 17. Qg4 Qxg4 18. hxg4 fxe3 19. fxe3 Nf6 20. g5 Ng4 21. Rxf8+ Rxf8 22. Nd1 a5 23. Ba3 Ba6 24. Nc3 Nxe3 25. Nxe4 Rf5 26. g3 d5 27. Nd6 Rxg5 28. Re1 Rxg3+ 29. Kf2 Rg2+ 30. Kxe3 Rxa2 31. Kf4 h6 32. Bc1 Rh2 33. Ke5 Rh5+ 34. Ke6 Bd3 35. Re3 Bc2 36. Rc3 Bd1 37. Rg3 g5 38. Nf5 Bc2 39. Ne7+ Kg7 40. Nxd5 Rh4 41. Bb2 b5 42. Nf6 Rh2 43. d5 Bf5+ 44. Kxf5 Rxb2 45. Rf3 a4 46. bxa4 bxa4 47. Ne4 Kf7 48. Ke5+ Ke7 49. d6+ Ke8 50. Ke6 Rb6 51. Rf7 Ra6 52. Nf6+ Kd8 53. Rf8# 1-0

[Event "NOR-ch Class2"]
[Site "Lillehammer"]
[Date "2013.06.29"]
[Round "6"]
[White "Johnsen, John Kristian"]
[Black "Abrahamsen, Knut"]
[Result "0-1"]
[WhiteElo "1643"]
[BlackElo "1625"]
[PlyCount "78"]
[EventDate "2013.06.29"]
[EventType "swiss"]
[EventRounds "9"]
[EventCountry "NOR"]
[SourceTitle "EXT 2017"]
[Source "ChessBase"]
[SourceDate "2016.10.25"]
[SourceVersion "1"]
[SourceVersionDate "2016.10.25"]
[SourceQuality "1"]

1. c4 e5 2. Nc3 c6 3. Nf3 d6 4. g3 f5 5. d3 Nf6 6. Bg2 g6 7. 0-0 Bg7 8. c5 e4 9. dxe4 fxe4 10. Nd4 d5 11. f3 exf3 12. Bxf3 0-0 13. Bg5 h6 14. Bf4 Na6 15. Nb3 Bf5 16. Qd2 Kh7 17. Be3 Qd7 18. a3 Rae8 19. Bd4 Qe7 20. Rfe1 Nc7 21. Bxf6 Rxf6 22. Kf1 Bh3+ 23. Kf2 Ne6 24. Qe3 d4 25. Nxd4 Nxd4 26. Qxe7 Rxe7 27. Rad1 Nxf3 28. exf3 Ref7 29. Re3 Rf5 30. b4 Bg4 31. Rdd3 Bxf3 32. Rxf3 Rxf3+ 33. Rxf3 Rxf3+ 34. Kxf3 Bxc3 35. Ke4 Kg7 36. Kd3 Bb2 37. a4 Kf6 38. b5 Ke5 39. b6 a5 0-1

[Event "Oslo ASKO Pinseturnering-B"]
[Site "Oslo"]
[Date "2009.05.30"]
[Round "5"]
[White "Abrahamsen, Knut"]
[Black "Taube, Gregor"]
[Result "0-1"]
[WhiteElo "1366"]
[BlackElo "1727"]
[PlyCount "64"]
[EventDate "2009.05.30"]
[EventType "swiss"]
[EventRounds "6"]
[EventCountry "NOR"]
[SourceTitle "EXT 2011"]
[Source "ChessBase"]
[SourceDate "2010.11.26"]
[SourceVersion "1"]
[SourceVersionDate "2010.11.26"]
[SourceQuality "1"]

1. e4 e5 2. Bc4 Nf6 3. d3 c6 4. f4 d5 5. exd5 cxd5 6. Bb5+ Bd7 7. Bxd7+ Nbxd7 8. fxe5 Nxe5 9. Qe2 Qe7 10. Bg5 0-0-0 11. Nc3 h6 12. Bh4 d4 13. Bxf6 gxf6 14. Nd1 Rg8 15. g3 Qe6 16. Nf2 Bb4+ 17. Kd1 Rge8 18. a3 Ba5 19. b4 Bc7 20. Ngh3 Qc6 21. Kc1 Kb8 22. Qh5 Nxd3+ 23. Kb1 Ne5 24. Nf4 Nc4 25. Qxf7 Bxf4 26. gxf4 Nd2+ 27. Kc1 Qc3 28. Ra2 Nc4 29. Qxf6 Qd2+ 30. Kb1 Re1+ 31. Rxe1 Qxe1+ 32. Nd1 Qxd1# 0-1

[Event "Oslo ASKO op"]
[Site "Oslo"]
[Date "2009.01.23"]
[Round "5"]
[White "Abrahamsen, Knut"]
[Black "Olsen, Andrei"]
[Result "0-1"]
[WhiteElo "1293"]
[BlackElo "1810"]
[PlyCount "36"]
[EventDate "2009.01.23"]
[EventType "swiss"]
[EventRounds "5"]
[EventCountry "NOR"]
[SourceTitle "EXT 2011"]
[Source "ChessBase"]
[SourceDate "2010.11.26"]
[SourceVersion "1"]
[SourceVersionDate "2010.11.26"]
[SourceQuality "1"]

1. e4 e6 2. d4 d5 3. Nd2 Nf6 4. e5 Nfd7 5. Ngf3 c5 6. c3 Nc6 7. Be2 Be7 8. 0-0 0-0 9. Re1 f6 10. exf6 Nxf6 11. dxc5 Bxc5 12. Nb3 Bb6 13. Bd3 Qd6 14. Bg5 Bd7 15. Qc2 h6 16. Bh4 Nh5 17. Rad1 Rxf3 18. gxf3 Qf4 0-1